Statistiques concernant Culture Générale - Série 283

Cliquez ici pour prendre le quiz!

Statistiques générales

  • Ce quiz a été pris 190 fois
  • Le résultat moyen est 8 sur 10

Statistiques - réponses

QuestionRéponse% Correct
Au jeu des 7 familles, combien y a-t-il de personnages féminins dans chaque famille ?3
98%
Quelle saucisse accompagne traditionnellement le couscous ?La merguez
95%
Quelle planète est la seule à avoir de l'eau à l'état liquide, solide et gazeux ?La Terre
92%
Quel futur roi a été le Dauphin de Louis XIII ?Louis XIV
85%
Au black jack, combien de points vaut un valet ?10
82%
Quel oiseau est Woody Woodpecker, le personnage de dessin animé américain ?Un pivert
75%
Dans" Les Trois Mousquetaires" de Dumas, quel gascon est amoureux de Constance ?D'Artagnan
73%
Quelle fleur associe-t-on traditionnellement à la fête de la Toussaint ?Le chrysanthème
70%
Quelle marionnette donne son titre à une chanson de Chantal Goya en 1981 ?Guignol
63%
Quel est le prénom de l'oncle Picsou ?Balthazar
47%

Distribution des résultats

Percentile par nombre de réponses

% des personnes avec chaque résultat

Votre développement - résultats

Vous n’avez pas pris ce quiz